LEADER 00816naa a2200217 u 4500 001 000000093392 003 CaOOAMICUS 005 20070226130133.0 008 010703m19371938fr u000 u fre u 035 $a10895324 040 $aPUL(R)$bita 100 1 $aMorelli, Gaetano.$0(OLS)http://pul/name/17454 245 13$aLe théorie générale du procès international /$cpar Gaetano Morelli. 260 $a[S. l. :$bs. n.],$c1937-1938. 300 $aP. [253-373] 504 $aBibliografia in nota. 650 4$aDiritto internazionale penale.$0(OLS)http://pul/subject/25948 773 0 $tRecueil des cours$gv.III (1937) 773 0 $tRecueil des cours 1937$w()59614 996 $6245$aLe théorie générale du procès international$9(OLS)http://pul/title/120260 996 $6260$a[S. l. :$bs. n.]$9(OLS)http://pul/publisher/47882 LEADER 01420nam a2200349 a 4500 001 000000148036 003 CaOOAMICUS 005 20151210091059.0 008 151210s2015 it u000 u ita r 020 $a978-88-14205163* 032 $aLibriCat 040 $aPUL$bita 082 04$a348.45 110 1 $aItalia.$0(OLS)http://pul/name/1188 240 10$aCodice di procedura penale.$0(OLS)http://pul/title/135958 245 10$aCodice di procedura penale :$bannotato con la giurisprudenza /$cGiorgio Lattanzi. 250 $a10. ed. 260 $aMilano :$bGiuffrè,$c2015. 300 $aXLII, 2691 p. ;$c25 cm. 490 1 $aPercorsi Giuffrè 500 $aContiene indice analitico. 650 4$aProcedura penale$zItalia.$0(OLS)http://pul/subject/12686 700 1 $aLattanzi, Giorgio.$0(OLS)http://pul/name/51063 830 0$aPercorsi (Giuffrè).$0(OLS)http://pul/title/132978 850 $aPUL 852 $aPUL$W1$xDP2 Diritto e Scienze Sociali 3$y110$m348. 45 COD 5.4$j170807$qDDC 21$B171857$CPULBib$Z2$F171857 $H126740 $81 941 1 $a9 996 $6020$a978-88-14205163*$9(OLS)http://pul/number/159223 996 $6082$a348.45$9(OLS)http://pul/classification/373 996 $6245$aCodice di procedura penale :$bannotato con la giurisprudenza$9(OLS)http://pul/title/89470 996 $6260$aMilano :$bGiuffrè$9(OLS)http://pul/publisher/48401